[Event "IECC CL6-2005.12 email"]
[Site "IECC email"]
[Date "2005.07.25"]
[Round "?"]
[White "Hughes, John"]
[Black "Kinna, Michael"]
[Result "0-1"]
[WhiteElo "1318"]
[BlackElo "1366"]
[PlyCount "100"]
[EventDate "2005.??.??"]
[EventType "tourn (corr)"]
[EventRounds "4"]
[SourceTitle "Corr 2008"]
[Source "ChessBase"]
[SourceDate "2008.06.24"]
[SourceVersion "1"]
[SourceVersionDate "2008.06.24"]
[SourceQuality "1"]

1. c4 b6 2. Nc3 Bb7 3. Nf3 e6 4. e4 Bb4 5. Qb3 a5 6. a3 Bxc3 7. Qxc3 Nf6 8. d3 d6 9. Be2 0-0 10. 0-0 e5 11. Bg5 Nbd7 12. b4 h6 13. Bxf6 Nxf6 14. c5 Qd7 15. Rac1 axb4 16. axb4 bxc5 17. bxc5 Ba6 18. Rfd1 Nxe4 19. dxe4 Bxe2 20. Rd2 Bxf3 21. Qxf3 Qc6 22. Qc3 Qxe4 23. cxd6 cxd6 24. Rxd6 Rfd8 25. Rc6 Qe2 26. Qc2 Qxc2 27. R6xc2 Ra7 28. g3 f6 29. Kg2 Kf7 30. h4 Rad7 31. Kf1 g5 32. hxg5 hxg5 33. Kg2 g4 34. Kf1 Rd2 35. Rxd2 Rxd2 36. Ke1 Rb2 37. Rc7+ Ke6 38. Rc6+ Ke7 39. Rc4 f5 40. Rc6 Kf7 41. Rd6 Ke7 42. Rc6 Rb7 43. Rh6 Rd7 44. Rh7+ Ke6 45. Rxd7 Kxd7 46. Ke2 Kd6 47. Kd3 Kd5 48. Ke3 Kc4 49. f4 gxf3 50. Kxf3 Kd3 0-1

[Event "IECG QC.2005.0.00066 email"]
[Site "IECG email"]
[Date "2005.07.21"]
[Round "?"]
[White "Hughes, John"]
[Black "Puleston, Tim O"]
[Result "0-1"]
[WhiteElo "1700"]
[BlackElo "1768"]
[PlyCount "82"]
[EventDate "2005.07.21"]
[EventType "tourn (corr)"]
[EventRounds "2"]
[SourceTitle "Corr 2008"]
[Source "ChessBase"]
[SourceDate "2008.06.24"]
[SourceVersion "1"]
[SourceVersionDate "2008.06.24"]
[SourceQuality "1"]

1. c4 e6 2. g3 d5 3. Nf3 dxc4 4. Qa4+ Nd7 5. Qxc4 a6 6. Bg2 b5 7. Qc2 Bb7 8. 0-0 c5 9. d3 Bd6 10. Nc3 Ngf6 11. Bg5 Qb6 12. Rac1 0-0 13. a3 Rac8 14. Nd2 Bxg2 15. Kxg2 h6 16. Be3 Ng4 17. Nd1 Nxe3+ 18. Nxe3 Nf6 19. Kg1 Rc6 20. Qb3 Rfc8 21. Rc2 Qc7 22. Rfc1 Nd7 23. Rc3 Be5 24. R3c2 Bd4 25. Ng2 Ne5 26. Ne1 Ng4 27. e3 Bxe3 28. fxe3 Nxe3 29. Kf2 Nxc2 30. Rxc2 Qe5 31. Ndf3 Qd5 32. Qxd5 exd5 33. Re2 Re6 34. Rxe6 fxe6 35. Nc2 Kf7 36. Ke3 Kf6 37. Kf4 e5+ 38. Kg4 e4 39. dxe4 dxe4 40. Nd2 Ke5 41. Ne3 Rf8 0-1

[Event "IECC M-5272"]
[Site "IECC email"]
[Date "2005.06.26"]
[Round "?"]
[White "Hughes, John"]
[Black "Boyce, Harry"]
[Result "1-0"]
[WhiteElo "1317"]
[BlackElo "1350"]
[PlyCount "67"]
[EventDate "2005.??.??"]
[EventType "tourn (corr)"]
[EventRounds "10"]
[SourceTitle "Corr 2008"]
[Source "ChessBase"]
[SourceDate "2008.06.24"]
[SourceVersion "1"]
[SourceVersionDate "2008.06.24"]
[SourceQuality "1"]

1. c4 e6 2. Nc3 Nc6 3. g3 Bb4 4. Bg2 Nf6 5. Nf3 0-0 6. 0-0 d5 7. cxd5 Nxd5 8. Nxd5 exd5 9. d4 Bd6 10. Qb3 Re8 11. Qxd5 Rxe2 12. Ng5 Re7 13. Bd2 h6 14. Nf3 a6 15. Rfe1 Be6 16. Qh5 Nb4 17. Bxb4 Bxb4 18. Red1 Bd5 19. a3 Ba5 20. Rd3 c6 21. b4 Bb6 22. Rad1 a5 23. bxa5 Rxa5 24. Qh4 Re2 25. Qf4 Bc7 26. Qc1 Bd6 27. R1d2 Rxd2 28. Nxd2 Bxg2 29. Kxg2 Be7 30. Qb2 b5 31. Kg1 Qa8 32. Nb1 Bf6 33. Qc3 Qe8 34. Qxa5 1-0

[Event "IECC CL6-2005.03 email"]
[Site "IECC email"]
[Date "2005.02.07"]
[Round "?"]
[White "Zaunerciks, Ilmars"]
[Black "Hughes, John"]
[Result "0-1"]
[WhiteElo "1367"]
[BlackElo "1278"]
[PlyCount "54"]
[EventDate "2005.??.??"]
[EventType "tourn (corr)"]
[EventRounds "4"]
[SourceTitle "Corr 2020"]
[Source "ChessBase"]
[SourceDate "2019.09.30"]
[SourceVersion "1"]
[SourceVersionDate "2019.09.30"]
[SourceQuality "1"]
[WhiteTeam "Latvia"]
[BlackTeam "Ireland"]
[WhiteTeamCountry "LAT"]
[BlackTeamCountry "IRL"]

1. e4 e6 2. d4 d5 3. Nc3 Bb4 4. e5 b6 5. a3 Bf8 6. Nf3 Nc6 7. Be2 Qd7 8. 0-0 Bb7 9. Na2 0-0-0 10. c4 dxc4 11. Be3 Nge7 12. Nc3 Nf5 13. Bg5 Be7 14. Bxe7 Qxe7 15. Qa4 Kb8 16. Bxc4 Ncxd4 17. Nxd4 Nxd4 18. b4 Qg5 19. f3 Qe3+ 20. Kh1 Qxc3 21. Rac1 Qe3 22. b5 Nxf3 23. gxf3 Bxf3+ 24. Rxf3 Qxf3+ 25. Kg1 Qe3+ 26. Kh1 Qxc1+ 27. Kg2 Rd2+ 0-1

[Event "IECC M-5191"]
[Site "IECC email"]
[Date "2005.01.22"]
[Round "?"]
[White "Newton, Daryl"]
[Black "Hughes, John"]
[Result "0-1"]
[WhiteElo "1271"]
[BlackElo "1285"]
[PlyCount "76"]
[EventDate "2005.??.??"]
[EventType "tourn (corr)"]
[EventRounds "10"]
[SourceTitle "Corr 2020"]
[Source "ChessBase"]
[SourceDate "2019.09.30"]
[SourceVersion "1"]
[SourceVersionDate "2019.09.30"]
[SourceQuality "1"]
[WhiteTeam "United States"]
[BlackTeam "Ireland"]
[WhiteTeamCountry "USA"]
[BlackTeamCountry "IRL"]

1. e3 d5 2. d3 Nc6 3. Ne2 g6 4. g3 Bg7 5. Nd2 Nh6 6. Bg2 0-0 7. 0-0 Bg4 8. c3 Re8 9. b3 Nf5 10. e4 dxe4 11. Nxe4 Nd6 12. Ng5 Bxe2 13. Qxe2 Bxc3 14. Bb2 Bxb2 15. Qxb2 Qd7 16. Qd2 Nd4 17. Rfe1 c6 18. Rab1 Rad8 19. Qf4 N6f5 20. Bh3 Qd5 21. Re4 e5 22. Qg4 h6 23. Nf3 Nxf3+ 24. Qxf3 Qxd3 25. Qxd3 Rxd3 26. Bxf5 gxf5 27. Rh4 Kg7 28. Rf1 Rd4 29. f4 e4 30. Rh5 Kg6 31. g4 fxg4 32. Rh4 h5 33. f5+ Kg5 34. Rxg4+ hxg4 35. Kg2 e3 36. Kg3 e2 37. h4+ gxh3 38. Re1 Rd1 0-1

[Event "IECC M-5112"]
[Site "IECC email"]
[Date "2004.09.01"]
[Round "?"]
[White "Vasquez, Felipe"]
[Black "Hughes, John"]
[Result "1-0"]
[WhiteElo "1325"]
[BlackElo "1299"]
[PlyCount "61"]
[EventDate "2004.??.??"]
[EventType "tourn (corr)"]
[EventRounds "10"]
[SourceTitle "Corr 2020"]
[Source "ChessBase"]
[SourceDate "2019.09.30"]
[SourceVersion "1"]
[SourceVersionDate "2019.09.30"]
[SourceQuality "1"]
[WhiteTeam "Peru"]
[BlackTeam "Ireland"]
[WhiteTeamCountry "PER"]
[BlackTeamCountry "IRL"]

1. e4 e6 2. d4 d5 3. Nc3 Bb4 4. e5 b6 5. Qg4 Bf8 6. Bg5 Qd7 7. h4 h6 8. Bf4 Nc6 9. 0-0-0 Bb7 10. Qf3 0-0-0 11. Nge2 Nge7 12. g4 f5 13. Bh3 Kb8 14. h5 Qe8 15. gxf5 Nxf5 16. Bxf5 exf5 17. Rhg1 Qf7 18. Bh2 Ne7 19. Nf4 Bc8 20. Kb1 Rg8 21. Bg3 g5 22. hxg6 Nxg6 23. Ncxd5 Bb7 24. e6 Qe8 25. Nxg6 Bxd5 26. Qxf5 Bxe6 27. Qf6 Bg7 28. Qh4 Qf7 29. Ne7 Bf6 30. Nc6+ Ka8 31. Nxd8 1-0